01114nac a22002291u 4500020002400000020002700024082002000051090001500071100003400086245008100120260008400201300003700285500002600322500023900348504005100587511002400638650001500662710004300677942002300720999001500743952012600758 a0230004768 (pbk.) : a9780230004764 (pbk.) : a330.156 22bKEY c8405d8405 aKeynes, John Maynard  aThe general theory of employment, interest and money /cJohn Maynard Keynes. aBasingstoke :bPalgrave Macmillan for the Royal Economic Society, 2007.cc2007. axxxviii, 428 p. ;bill.;c24 cm. aDistributer: Al-Ahram aReprinted with an Editorial introduction and prefaces to the German, Japanese and French eds. from the 1974 Collected writings printing and a new introduction by Paul Krugman - Main text originally published: London : Macmillan, 1936. aIncludes bibliographical references and index. aCatalogued by: Sara aEconomics. aRoyal Economic Society (Great Britain) cBBk330.156 22 KEY c8405d8405 00104070aMAINbMAINc1STd2008-03-06ePurchasel10m13o330.156 22 KEYp000010173r2025-07-15 00:00:00s2022-08-02yBB